000 00496nam a22001577a 4500
005 20231123133505.0
008 231123b |||||||| |||| 00| 0 eng d
041 _aEnglish
082 _a341.48 FRE
100 _lEnglish
245 _aUnder Siege? Freedom of Expression in Zimbabwe :
_b"The ANZ Saga"
260 _aZimbabwe :
_bZimbabwe Lawyers for Human Rights,
_c2004
300 _b161 pages ;
_c30,2 cm.
650 _aLegal practice
_bLaw
942 _cBK
_6ALISON_BN_VRIES
999 _c899
_d899